ბათუმის შოთა რუსთაველის სახელმწიფო უნივერსიტეტის ბიბლიოთეკა

ჰიბრიდიზაცია, ნუცელარული სელექცია და მუტაცია მანდარინის (Citrus Reticulata BI.) ზოგიერთი ნაგალა ჯიშის ფორმათწარმოშობის მართვაში : (ბიბ.ჩანაწერი № 36816)

000 -ლიდერი
ფიქსირებული სიგრძის საკონტროლო ველი 01329nam a2200253Ia 4500
001 - საკონტროლო ნომერი
საკონტროლო ველი 2759
003 - საკონტროლო ნომრის იდენტიფიკატორი
საკონტროლო ველი GE_BSU
005 - ბოლო ოპერაციის თარიღი და დრო
საკონტროლო ველი 20190607183321.0
008 - ფიქსირებული სიგრძის მონაცემთა ელემენტები - ზოგადი ინფორმაცია
ფიქსირებული სიგრძის საკონტროლო ველი 181216s2010||||ge |||||||||||||| ||geo||
020 ## - წიგნის საერთაშორისო სტანდარტული ნომერი
International Standard Book Number 9789941412264
040 ## - კატალოგიზაციის წყარო
Transcribing agency GE_BSU
041 ## - ენის კოდი
Language code of text/sound track or separate title geo
080 ## - უნივერსალური ათობითი კლასიფიკაციის ინდექსი
Universal Decimal Classification number 634.322(479.22):631.52(479.22) ბ–96
100 ## - მთავარი ჩანაწერი - პიროვნების სახელი
Personal name ბუკია, ზურაბ
9 (RLIN) 2287
245 ## - ცნობა სათაურის შესახებ
Title ჰიბრიდიზაცია, ნუცელარული სელექცია და მუტაცია მანდარინის (Citrus Reticulata BI.) ზოგიერთი ნაგალა ჯიშის ფორმათწარმოშობის მართვაში :
Remainder of title მონოგრაფია /
Statement of responsibility, etc ზურაბ ბუკია, ნოდარ ბერიძე.
264 ## - წარმოების, გამოცემის, დისტრიბუციის და სხვა ცნობები
გამოცემის, წარმოების, დისტრიბუციის... ადგილი ბათუმი :
გამოცემის, წარმოების, დისტრიბუციის... სახელწოდება შოთა რუსთაველის სახელმწ. უნ-ტი,
გამოცემის, წარმოების, დისტრიბუციის... თარიღი 2010 .
300 ## - ფიზიკური აღწერა
Extent 311 გვ. :
Other physical details სურ. ;
Dimensions 20 სმ.
504 ## - BIBLIOGRAPHY, ETC. NOTE
Bibliography, etc ბიბლიოგრ.: გვ. 289-308.
520 ## - SUMMARY, ETC.
Summary, etc რეზ. ქართ., რუს. და ინგლ.
653 ## - INDEX TERM--UNCONTROLLED
Uncontrolled term მანდარინის მუტაცია
653 ## - INDEX TERM--UNCONTROLLED
Uncontrolled term ჰიბრიდიზაცია
700 ## - ADDED ENTRY--PERSONAL NAME
Personal name ბერიძე, ნ.
Relator term ავტორი
9 (RLIN) 2288
942 ## - ADDED ENTRY ELEMENTS (KOHA)
Koha item type წიგნი
Source of classification or shelving scheme
ეგზემპლარები
ჩამოწერის სტატუსი დაკარგული ეგზემპლარის სტატუსი კლასიფიკაციის წყარო ან თაროზე გაწყობის სქემა დაზიანების სტატუსი არ გაიცემა მუდმივი მდებარეობა (დაცვის ადგილი) ამჟამინდელი ადგილსამყოფელი თაროზე განთავსების ადგილი შეძენის თარიღი ღირებულება, შესყიდვის ნორმალური ფასი სრული შენახვის შიფრი შტრიხკოდი ბოლო ოპერაციის თარიღი ეგზემპლარის მიმდევრობითი ნომერი (კეტერი?) ფასის ძალაში შესვლის თარიღი ეგზემპლარის სახეობა საჯარო შენიშვნა
          ბათუმის შოთა რუსთაველის სახელმწიფო უნივერსიტეტის მთავარი ბიბლიოთეკა ბათუმის შოთა რუსთაველის სახელმწიფო უნივერსიტეტის მთავარი ბიბლიოთეკა წიგნსაცავი 2018-12-17 8.00 634.322(479.22):631.52(479.22) ბ–96 4693 2018-12-17 4693 2018-12-17 წიგნი 8 ლ.
          ბათუმის შოთა რუსთაველის სახელმწიფო უნივერსიტეტის მთავარი ბიბლიოთეკა ბათუმის შოთა რუსთაველის სახელმწიფო უნივერსიტეტის მთავარი ბიბლიოთეკა წიგნსაცავი 2018-12-17 8.00 634.322(479.22):631.52(479.22) ბ–96 4694 2018-12-17 4694 2018-12-17 წიგნი 8 ლ.
          ბათუმის შოთა რუსთაველის სახელმწიფო უნივერსიტეტის მთავარი ბიბლიოთეკა ბათუმის შოთა რუსთაველის სახელმწიფო უნივერსიტეტის მთავარი ბიბლიოთეკა წიგნსაცავი 2018-12-17 8.00 634.322(479.22):631.52(479.22) ბ–96 4695 2018-12-17 4695 2018-12-17 წიგნი 8 ლ.
          ბათუმის შოთა რუსთაველის სახელმწიფო უნივერსიტეტის მთავარი ბიბლიოთეკა ბათუმის შოთა რუსთაველის სახელმწიფო უნივერსიტეტის მთავარი ბიბლიოთეკა წიგნსაცავი 2018-12-17 8.00 634.322(479.22):631.52(479.22) ბ–96 4696 2018-12-17 4696 2018-12-17 წიგნი 8 ლ.
          ბათუმის შოთა რუსთაველის სახელმწიფო უნივერსიტეტის მთავარი ბიბლიოთეკა ბათუმის შოთა რუსთაველის სახელმწიფო უნივერსიტეტის მთავარი ბიბლიოთეკა წიგნსაცავი 2018-12-17 8.00 634.322(479.22):631.52(479.22) ბ–96 4697 2018-12-17 4697 2018-12-17 წიგნი 8 ლ.